Catálogo público

Bioactive peptides / edición John Howl y Sarah Jones (Record no. 209668)

MARC details
000 -CABECERA
campo de control de longitud fija 02608nam a2200313Ia 4500
001 - NÚMERO DE CONTROL
campo de control dia_6562
003 - IDENTIFICADOR DEL NÚMERO DE CONTROL
campo de control CHAP
005 - FECHA Y HORA DE LA ÚLTIMA TRANSACCIÓN
campo de control 20251021150951.0
008 - DATOS DE LONGITUD FIJA--INFORMACIÓN GENERAL
campo de control de longitud fija 220601s9999 xx 000 0 und d
020 ## - NÚMERO INTERNACIONAL ESTÁNDAR DEL LIBRO
Número Internacional Estándar del Libro 978-1-4200-6114-7
040 ## - FUENTE DE LA CATALOGACIÓN
Centro/agencia transcriptor CHAP
082 ## - NÚMERO DE LA CLASIFICACIÓN DECIMAL DEWEY
Número de clasificación 612.015756 B56 2009
245 ## - MENCIÓN DE TÍTULO
Título Bioactive peptides / edición John Howl y Sarah Jones
260 ## - PUBLICACIÓN, DISTRIBUCIÓN, ETC.
Lugar de publicación, distribución, etc. Estados Unidos de América : CRC Press
300 ## - DESCRIPCIÓN FÍSICA
Extensión xv, 479 p.
503 ## - NOTA DE HISTORIA BIBLIOGRÁFICA (BK CF MU) [OBSOLETO]
Nota de historia bibliográfica I. 271627 (ej.1) \ I. 271628 (ej.2)
504 ## - NOTA DE BIBLIOGRAFÍA, ETC.
Nota de bibliografía, etc. Incluye bibliografías
505 ## - NOTA DE CONTENIDO CON FORMATO
Nota de contenido con formato Angiotensins : from endocrine to intracrine functions / Mark C. Chappell -- CT, CGRP, amylin, and adrenomedullins / Debbie L. Hay and David R. Poyner -- Neuropeptide Y family peptides / Cla´udia Cavadas, Joana Rosmaninho Salgado, and Eric Grouzmann -- Pituitary adenylate cyclase-activating polypeptide / Eve M. Lutz ... [et al.] -- Opioid peptides / Jane V. Aldrich -- Cholecystokinins and gastrins / Jens F. Rehfeld -- The chemistry and biology of insulin-like peptide 3, a novel member of the insulin superfamily / Fazel Shabanpoor ... [et al.] -- Somatostatin analogues / Kjell O¨berg -- Tachykinins / Nigel M. Page, Parvathy Subramaniam, and Suzanne E. Newton -- Neurotensin / Paul R. Dobner and Robert E. Carraway --Twenty-five years of galanin research / Johan Runesson ... [et al.] -- Bioactive peptides in gut-brain signalling / Erik Na¨slund, Per Gryba¨ck, and Per M. Hellstro¨m -- Nonribosomal peptides / Alexandra A. Roberts, Leanne A. Pearson, and Brett A. Neilan -- Anuran host-defense peptides that complex with Ca2+ calmodulin and inhibit the synthesis of the cell signalling agent nitric oxide by neuronal nitric oxide synthase / Jason R. Doyle ... [et al.] -- Host-defense peptides from the secretion of the skin glands of frogs and toads : membrane-active peptides from the genera litoria, uperoleia, and crinia / John H. Bowie ... [et al.] -- Antimicrobial peptides / Alison M. McDermott -- Mast cell degranulating peptides / Joseph A. Price -- Mastoparans / Sarah Jones and John Howl -- Spider venom and hemolymph-derived cytolytic and antimicrobial peptides / Lucia Kuhn-Nentwig, Christian Trachsel, and Wolfgang Nentwig.
590 ## - NOTA LOCAL (RLIN)
Nota local QP552.P4 B56 2009
650 ## - PUNTO DE ACCESO ADICIONAL DE MATERIA--TÉRMINO DE MATERIA
Término de materia o nombre geográfico como elemento de entrada 1. Péptidos - Efecto fisiológico
650 ## - PUNTO DE ACCESO ADICIONAL DE MATERIA--TÉRMINO DE MATERIA
Término de materia o nombre geográfico como elemento de entrada Péptidos - Fisiología
650 ## - PUNTO DE ACCESO ADICIONAL DE MATERIA--TÉRMINO DE MATERIA
Término de materia o nombre geográfico como elemento de entrada Peptides - Physiological effect
650 ## - PUNTO DE ACCESO ADICIONAL DE MATERIA--TÉRMINO DE MATERIA
Término de materia o nombre geográfico como elemento de entrada Peptides - Physiology
700 ## - PUNTO DE ACCESO ADICIONAL--NOMBRE DE PERSONA
Nombre de persona Howl, John, ed. \ Jones, Sarah, ed.Ì
9 (RLIN) 176399
901 ## - ELEMENTOS DE DATOS A LOCAL LDA (RLIN)
a 612.015756 B56 2009
902 ## - ELEMENTOS DE DATOS B LOCAL, LDB (RLIN)
a A
905 ## - ELEMENTOS DE DATOS E LOCAL, LDE (RLIN)
a 5232272009 -usafmn8222223322eng16
942 ## - ELEMENTOS DE PUNTO DE ACCESO ADICIONAL (KOHA)
Tipo de ítem Koha Libro
Fuente del sistema de clasificación o colocación Dewey Decimal Classification
Holdings
Estado de retiro Estado de pérdida Fuente del sistema de clasificación o colocación Estado dañado No para préstamo Código de colección Localización permanente Ubicación/localización actual Ubicación en estantería Fecha de adquisición Total de préstamos Código de barras Fecha visto por última vez Número de copia Precio válido a partir de Tipo de ítem Koha
    Dewey Decimal Classification     General Ingenieria Agroindustrial Ingenieria Agroindustrial   01/06/2022   dia_010799 01/06/2022 2 01/06/2022 Libro
    Dewey Decimal Classification     General Ingenieria Agroindustrial Ingenieria Agroindustrial   01/06/2022   dia_010798 01/06/2022 1 01/06/2022 Libro